No Clues: What Are These Song Lyrics #1 - Statistics

General Stats
  • This quiz has been taken 5,974 times
  • The average score is 22 of 115
Answer Stats
Answer % Correct
I
97%
a
96%
the
92%
He
78%
an
77%
be
69%
to
67%
and
64%
in
62%
on
62%
do
61%
it
59%
of
54%
no
53%
my
51%
When
49%
man
45%
For
42%
was
42%
who
39%
life
37%
If
35%
boy
32%
can't
31%
don't
31%
woman
29%
would
29%
had
27%
by
26%
Good
25%
said
25%
from
24%
them
23%
old
22%
never
20%
'Cause
18%
got
18%
"Oh
18%
car
16%
New
16%
God
14%
People
14%
child!"
13%
stop
13%
Times
11%
mother
10%
Though
10%
York
10%
made
9%
must
9%
sat
9%
"Save
9%
away
8%
call
8%
other
8%
place..."
8%
ran
7%
read
7%
something,
7%
Cried
6%
high
6%
someone
6%
today
6%
everyone
5%
hit
4%
jump
4%
News
4%
children?"
3%
each
3%
fell,
3%
Halted
3%
job
3%
kids
3%
"What's
3%
cops
2%
Daily
2%
darkness
2%
desperate
2%
flew
2%
ledge
2%
miracle
2%
wild
2%
agreed
1%
asking
1%
becoming
1%
began
1%
blah
1%
caption
1%
cheer
1%
crowd
1%
decent
1%
dismay
1%
fainted
1%
force
1%
grace
1%
hiding
1%
holiday
1%
indeed
1%
kissed
1%
law
1%
McDougall
1%
Officer
1%
passing
1%
patrol
1%
respect
1%
revived
1%
supermarket
1%
survived
1%
atmosphere
0%
excitement
0%
freaky
0%
spotlight
0%
No matching quizzes found
Score Distribution
Percent of People with Each Score
Percentile by Number Answered
Your Score History
You have not taken this quiz